| 000 | 00881nam a2200301 a 4500 | ||
|---|---|---|---|
| 003 | AR-BaBNM | ||
| 005 | 20251128204352.0 | ||
| 008 | 082120s2002 ||||||||||||||000 | spa|| | ||
| 020 | _a950-737-108-4 | ||
| 040 | _cAR-BaBNM | ||
| 245 | 0 | 0 |
_aAmores para armar _bcolección de cartas de amor |
| 260 |
_aBuenos Aires _bCoquena Grupo Editor _bLibros del Quirquincho _c1992 |
||
| 300 |
_a95 p. _bil. |
||
| 490 | 0 | _aLibros para nada | |
| 504 | _aContiene bibliografía recomendada en p. 94-95 | ||
| 650 | 4 | _aHISTORIAS DE AMOR | |
| 650 | 4 | _aCORRESPONDENCIA | |
| 650 | 4 | _aLITERATURA CONTEMPORANEA | |
| 650 | 4 | _aLITERATURA LATINOAMERICANA | |
| 650 | 4 | _aLITERATURA ESTADOUNIDENSE | |
| 651 | 4 | _aEuropa | |
| 653 | _aGENERO EPISTOLAR | ||
| 655 | _aLITERATURA | ||
| 700 | 1 |
_aViola, Liliana _ecompilador |
|
| 800 | 1 |
_aBombini, Gustavo _edirector |
|
| 942 | _cBK | ||
| 998 | _claura | ||
| 999 |
_c7183 _d7183 |
||